<?xml version="1.0" encoding="UTF-8"?><?xml-stylesheet type="text/xsl" href="static/style.xsl"?><OAI-PMH xmlns="http://www.openarchives.org/OAI/2.0/" xmlns:xsi="http://www.w3.org/2001/XMLSchema-instance" xsi:schemaLocation="http://www.openarchives.org/OAI/2.0/ http://www.openarchives.org/OAI/2.0/OAI-PMH.xsd"><responseDate>2026-04-29T09:18:19Z</responseDate><request verb="GetRecord" identifier="oai:riubu.ubu.es:10259/11412" metadataPrefix="marc">https://riubu.ubu.es/oai/request</request><GetRecord><record><header><identifier>oai:riubu.ubu.es:10259/11412</identifier><datestamp>2026-02-25T01:05:44Z</datestamp><setSpec>com_10259_8962</setSpec><setSpec>com_10259_5086</setSpec><setSpec>com_10259_2604</setSpec><setSpec>col_10259_11408</setSpec></header><metadata><record xmlns="http://www.loc.gov/MARC21/slim" xmlns:doc="http://www.lyncode.com/xoai" xmlns:xsi="http://www.w3.org/2001/XMLSchema-instance" xmlns:dcterms="http://purl.org/dc/terms/" xsi:schemaLocation="http://www.loc.gov/MARC21/slim http://www.loc.gov/standards/marcxml/schema/MARC21slim.xsd">
<leader>00925njm 22002777a 4500</leader>
<datafield tag="042" ind1=" " ind2=" ">
<subfield code="a">dc</subfield>
</datafield>
<datafield tag="720" ind1=" " ind2=" ">
<subfield code="a">Díez Morrás, Francisco Javier</subfield>
<subfield code="e">author</subfield>
</datafield>
<datafield tag="260" ind1=" " ind2=" ">
<subfield code="c">2025</subfield>
</datafield>
<datafield tag="520" ind1=" " ind2=" ">
<subfield code="a">Antonio Mendizábal y Llorente, párroco de la villa riojana de Navarrete, canónigo de la catedral de Tarazona y gobernador eclesiástico de la misma diócesis, debe ser considerado como un representante arquetípico del clero liberal, regalista y jansenista de la primera mitad del siglo XIX. Autor de un ponderado Tratado histórico-canónico de los párrocos en dos tomos (1821 y 1836), apoyó y se sumó a las profundas reformas que afectaron a la Iglesia desde la segunda mitad del siglo XVIII que continuaron en los albores del constitucionalismo, y que se consolidaron tras la muerte de Fernando VII y el triunfo del liberalismo.&#xd;
&#xd;
Fue sobrino y epígono del polémico sacerdote, polígrafo y político afrancesado Juan Antonio Llorente, lo cual sería esgrimido en su contra en el ominoso proceso criminal y encarcelamiento que sufrió seis años debido a su significativa militancia política en el Trienio liberal. A lo largo de su vida experimentaría las consecuencias de mantener un firme compromiso con la transformación de las estructuras eclesiásticas del país en un tiempo convulso a caballo entre el Antiguo Régimen y la revolución liberal.</subfield>
</datafield>
<datafield tag="024" ind2=" " ind1="8">
<subfield code="a">978-84-10267-69-5</subfield>
</datafield>
<datafield tag="024" ind2=" " ind1="8">
<subfield code="a">https://hdl.handle.net/10259/11412</subfield>
</datafield>
<datafield tag="245" ind1="0" ind2="0">
<subfield code="a">Antonio Mendizábal y Llorente (1777-1850): heterodoxia, liberalismo y reforma eclesiástica</subfield>
</datafield>
</record></metadata></record></GetRecord></OAI-PMH>